Opening Lines of Depeche Mode Songs #2 - Statistics

General Stats
  • This quiz has been taken 181 times
  • The average score is 10 of 16
Answer Stats
Hint Answer % Correct
All I wanna do is see you again. See You
88%
I've got to get to you first, before they do. A Question of Time
80%
My little girl, drive anywhere do what you want I don't care. Behind The Wheel
80%
Oh god it's raining, but I'm not complaining. But Not Tonight
71%
Well if you ever plan to motor West. Route 66
69%
There's something beating here inside my body... It's Called a Heart
67%
I would tell you about the things they put me through. Walking in my Shoes
66%
Do you mean this horny creep set upon weary feet, who looks in need of sleep that doesn't come. Barrel of a Gun
64%
Walk with me. Open your sensitive mouth. Rush
62%
There's more besides joyrides, the little house in the countryside. Get the Balance Right
61%
Where were you when I fell from grace? Suffer Well
58%
Sometimes I slide away, silently. Heaven
48%
I've felt better. I've been up all night. Cover Me
45%
Light switch, Man switch, film was broken only then. Dreaming of Me
39%
It's the dark night of my soul and temptation's taking hold. I Feel Loved
39%
I dream of a day when I dare to believe you're the answer. Should be Higher
31%
No matching quizzes found
Score Distribution
Percent of People with Each Score
Percentile by Number Answered
Your Score History
You have not taken this quiz